Movies Quiz

Random Movies Quiz

Clueless trivia Quiz Stats

Quiz not verified by Sporcle

Challenge
Share
Tweet
Embed
Score 0/10 Timer 10:00
1 Play Today
Question Answer % Correct
You know what? (You know what?) Ok! (Ok!) That's it! (That's it!) You wanna play games? (You wanna play games?) I'm calling your______mother
87.6%
It might stunt my growth; I wanna be 5'10' like _______Cindy Crawford
76.1%
As if! Like I would really wear something from ________Judy's
46.3%
Jeepin? No but speaking of_____vehicular sex
44%
Cher, you've been nothing but______super duper nice to me
28%
What's wrong is Josh giving you sh*t because he's going through his _______post adolescent idealistic phase
22%
Hey, I am not taking_______psych
10%
She's like one of those_______Botticelli chicks
9.6%
Is this like a ________Noxzema commercial or what
6.1%
So check it. Murray's geometry class is right by Elton's locker and_________ taped inside was the picture you took of Tai.
0.6%

You're not logged in!

Compare scores with friends on all Sporcle quizzes.
Sign Up with Email
OR
Log In

You Might Also Like...

Show Comments

Extras

Top Quizzes Today


Score Distribution

Your Account Isn't Verified!

In order to create a playlist on Sporcle, you need to verify the email address you used during registration. Go to your Sporcle Settings to finish the process.